000 00614nam a22001457a 4500
999 _c113619
_d113619
005 20190823103636.0
008 190823b ||||| |||| 00| 0 eng d
040 _cPK-LaUMT
082 _a215
_bMON-K
100 _aMonsma, John Clover = مونزما، جان کلوور
245 _aKhuda mojood he . . . ? = خدا موجود ہے ۔ ۔ . سائنسدانوں کی نظر میں ۔ /
_cby John Clover Monsma; translated by Abdul Hameed Siddiqui = از جان کلوور مونزما; ترجمہ عبدالحمید صدیقی
260 _aLahore :
_bFiction House,
_c2014
300 _a215 p.
942 _cBK